Top 20 państw w konsumpcji piwa - Statystyki

Ogólne statystyki
  • Ten quiz został rozwiązany 3 149 razy
  • Średni wynik to 10 z 20
Statystyki odpowiedzi
Litry / mieszkańca Kraj % Poprawnych
100.8 Polska
99%
104.2 Niemcy
97%
143.3 Czechy
86%
80.3 Słowacja
80%
106 Austria
68%
88.7 Litwa
65%
84.8 Hiszpania
64%
80.1 Słowenia
56%
78.7 Chorwacja
55%
89.5 Estonia
54%
98.2 Irlandia
53%
94.1 Rumunia
51%
78.5 Finlandia
47%
76.3 Bułgaria
45%
70 Islandia
30%
108 Namibia
2%
70 Panama
2%
90 Seszele
1%
85 Belize
0%
76.9 Gabon
0%
Nie znaleziono quizów pasujących do podanych kryteriów
Rozkład punktacji
Procent ludzi z każdym wynikiem
Percentyl według liczby udzielonych odpowiedzi
Twoja historia wyników
Nie rozwiązałeś tego quizu